Ghostwalk / (Record no. 11172)
[ view plain ]
| 000 -LEADER | |
|---|---|
| fixed length control field | 01594cam a2200397 a 4500 |
| 001 - CONTROL NUMBER | |
| control field | 14445173 |
| 003 - CONTROL NUMBER IDENTIFIER | |
| control field | LC |
| 005 - DATE AND TIME OF LATEST TRANSACTION | |
| control field | 20160229110414.0 |
| 008 - FIXED-LENGTH DATA ELEMENTS--GENERAL INFORMATION | |
| fixed length control field | 060710r20072007nyua b 000 0 eng |
| 010 ## - LIBRARY OF CONGRESS CONTROL NUMBER | |
| LC control number | 2006022326 |
| 020 ## - INTERNATIONAL STANDARD BOOK NUMBER | |
| International Standard Book Number | 0385521065 |
| 020 ## - INTERNATIONAL STANDARD BOOK NUMBER | |
| International Standard Book Number | 9780753823576 |
| 035 ## - SYSTEM CONTROL NUMBER | |
| System control number | (OCoLC)ocm70292015 |
| 035 ## - SYSTEM CONTROL NUMBER | |
| System control number | (OCoLC)70292015 |
| 040 ## - CATALOGING SOURCE | |
| Original cataloging agency | DLC |
| Transcribing agency | DLC |
| Modifying agency | YDX |
| -- | BAKER |
| -- | BTCTA |
| -- | OCO |
| -- | YDXCP |
| -- | DPB |
| -- | IXA |
| -- | VP@ |
| -- | DLC |
| 043 ## - GEOGRAPHIC AREA CODE | |
| Geographic area code | e-uk-en |
| 050 00 - LIBRARY OF CONGRESS CALL NUMBER | |
| Classification number | PR 6119.T69 |
| Item number | .St888 2008 |
| 082 00 - DEWEY DECIMAL CLASSIFICATION NUMBER | |
| Classification number | FIC |
| Item number | St7g 2008 |
| 100 1# - MAIN ENTRY--PERSONAL NAME | |
| Personal name | Stott, Rebecca. |
| 9 (RLIN) | 19196 |
| 245 10 - TITLE STATEMENT | |
| Title | Ghostwalk / |
| Statement of responsibility, etc | Rebecca Stott. |
| 250 ## - EDITION STATEMENT | |
| Edition statement | 1st U.S. ed. |
| 260 ## - PUBLICATION, DISTRIBUTION, ETC. (IMPRINT) | |
| Place of publication, distribution, etc | New York : |
| Name of publisher, distributor, etc | Spiegel & Grau, |
| Date of publication, distribution, etc | c2008. |
| 300 ## - PHYSICAL DESCRIPTION | |
| Extent | 340 p. : |
| Other physical details | ill. ; |
| Dimensions | 20 cm. |
| 600 10 - SUBJECT ADDED ENTRY--PERSONAL NAME | |
| Personal name | Newton, Isaac, |
| Titles and other words associated with a name | Sir, |
| Dates associated with a name | 1642-1727 |
| Form subdivision | Fiction. |
| 9 (RLIN) | 19197 |
| 650 #0 - SUBJECT ADDED ENTRY--TOPICAL TERM | |
| Topical term or geographic name as entry element | College teachers |
| Form subdivision | Fiction. |
| 9 (RLIN) | 19198 |
| 650 #0 - SUBJECT ADDED ENTRY--TOPICAL TERM | |
| Topical term or geographic name as entry element | Alchemy |
| Form subdivision | Fiction. |
| 9 (RLIN) | 19199 |
| 651 #0 - SUBJECT ADDED ENTRY--GEOGRAPHIC NAME | |
| Geographic name | Cambridge (England) |
| Form subdivision | Fiction. |
| 9 (RLIN) | 19200 |
| 655 #7 - INDEX TERM--GENRE/FORM | |
| Genre/form data or focus term | Mystery fiction. |
| Source of term | gsafd |
| 9 (RLIN) | 4089 |
| 856 42 - ELECTRONIC LOCATION AND ACCESS | |
| Materials specified | Contributor biographical information |
| Uniform Resource Identifier | <a href="http://www.loc.gov/catdir/enhancements/fy0707/2006022326-b.html">http://www.loc.gov/catdir/enhancements/fy0707/2006022326-b.html</a> |
| 856 42 - ELECTRONIC LOCATION AND ACCESS | |
| Materials specified | Publisher description |
| Uniform Resource Identifier | <a href="http://www.loc.gov/catdir/enhancements/fy0707/2006022326-d.html">http://www.loc.gov/catdir/enhancements/fy0707/2006022326-d.html</a> |
| 856 41 - ELECTRONIC LOCATION AND ACCESS | |
| Materials specified | Sample text |
| Uniform Resource Identifier | <a href="http://www.loc.gov/catdir/enhancements/fy0622/2006022326-s.html">http://www.loc.gov/catdir/enhancements/fy0622/2006022326-s.html</a> |
| 906 ## - LOCAL DATA ELEMENT F, LDF (RLIN) | |
| a | 7 |
| b | cbc |
| c | orignew |
| d | 1 |
| e | ecip |
| f | 20 |
| g | y-gencatlg |
| 942 ## - ADDED ENTRY ELEMENTS (KOHA) | |
| Source of classification or shelving scheme | Library of Congress Classification |
| Koha item type | Books |
| Withdrawn status | Lost status | Source of classification or shelving scheme | Damaged status | Home library | Current library | Shelving location | Date acquired | Total Checkouts | Full call number | Barcode | Date last seen | Copy number | Price effective from | Koha item type |
|---|---|---|---|---|---|---|---|---|---|---|---|---|---|---|
| Library of Congress Classification | Luxembourg Library | Luxembourg Library | Fiction Section | 09/13/2013 | PR 6119.T69 .St888 2008 | 15968 | 09/13/2013 | 1 | 09/13/2013 | Books |